000 00590nam a22001937a 4500
003 KOHA_MİRAKIL
005 20251024160358.0
008 251024b tu ||||| |||| 00| 0 tur d
020 _a9786052959435
040 _aTR-AnABB
_btur
_cTR-AnABB
041 _atur
082 _a833.912
_bZWE 2019
100 1 _aZweig, Stefan,
245 1 0 _aİnsanlığın yıldızının yükseldiği anlar /
_cStefan Zweig
260 _aİstanbul :
_bTürkiye İş Bankası Kültür Yayınları,
_c2019
300 _a281 sayfa ;
_c21 cm
650 0 4 _aAvusturya edebiyatı, roman
942 _2ddc
_cBK
999 _c9212
_d9212
900 _bGizem YORULMAZ